000 00705cam a22002418i 4500
999 _c129798
_d129798
001 18620324
005 20230301120151.0
008 150513s2016 enk 001 0 eng
020 _a9781118408674 (pbk.)
020 _a9781119495901 (pbk) [144528 to 144534, pages 416]
040 _cPK-LaUMT
082 0 0 _a616.15
_223
_bHOF-H
100 1 _aHoffbrand, A. V.
245 1 0 _aHoffbrand's essential haematology /
_cby A. Victor Hoffbrand and David P. Steensma
250 _a8th ed.
260 _aOxford :
_bWiley Blackwell,
_c2020
300 _a417 p. ;
_ccm.
490 1 _aEssentials
500 _aIncludes index.
650 1 2 _aHematologic Diseases.
700 1 _aMoss, P. A. H.,
942 _cBK